00717 2200265 4500001002100000005001700021008004100038020001800079035002400097082001000121090002000131100002000151245009400171250001000265260004200275300002200317440002300339650000900362700002000371850000900391985000600400999001500406999001500421999001500436YOGYA-0209000007264220090227093636.0 ind  a979-22-2714-8 0010-020900000072642 a664.7 a664.7bHus BlT aHUSNI, Albertin aBolu panggang dan kukus favorit step by stepcoleh Albertin Hoesni;editor Lenny Situmeang aCet.2 aJakartabGramedia Utama Pustakac2007 a36hlmbilusc19cm aSeri Quick Cooking aRoti aSitumeang,Lenny aBPAD a3 a08P0000508 a08P0000509 a08P0000510